Statistiques concernant Trois Cyrards méchants

Cliquez ici pour prendre le quiz!

Statistiques générales

  • Ce quiz a été pris 9 fois
  • Le résultat moyen est 256 sur 392

Statistiques - réponses

Paroles% Correct
a
100%
à
100%
de
100%
des
100%
es
100%
est
100%
Et
100%
et
100%
GU,
100%
La
100%
la
100%
le
100%
les
100%
me
100%
mon
100%
Mon
100%
On
100%
on
100%
100%
pays,
100%
pays
100%
pour
100%
que
100%
se
100%
tu
100%
amphi,
80%
au
80%
aux
80%
belle
80%
bout
80%
ce
80%
c'est
80%
C'est
80%
chemin
80%
chez
80%
comme
80%
Comment
80%
d'elle,
80%
d'enfer
80%
DGER
80%
Dolos,
80%
du
80%
en
80%
éternelle ?
80%
faire
80%
finissent
80%
Fourcade
80%
frères,
80%
gros
80%
gueule
80%
horreur.
80%
je
80%
joue
80%
Jouer
80%
loose
80%
ma
80%
malins.
80%
matin
80%
mes
80%
meurs,
80%
mythos
80%
Norby's,
80%
oublier
80%
Oublier
80%
PAC
80%
pas
80%
passé
80%
père ?
80%
petit
80%
peu
80%
photo,
80%
pire
80%
pluie,
80%
pourrais-je
80%
puis-je
80%
qu'on
80%
qu'une
80%
religion,
80%
rien
80%
ruine
80%
séparer
80%
si
80%
sous
80%
subis
80%
suis
80%
suit
80%
t'as
80%
t'es
80%
tes
80%
TIG,
80%
topo,
80%
tout
80%
trompe
80%
trouvé
80%
verre
80%
voracé,
80%
WE
80%
aura
60%
beuveries.
60%
bizarre,
60%
bouzin,
60%
chanson,
60%
con,
60%
conseil
60%
Cyrard.
60%
France.
60%
d'une
60%
fier,
60%
fierté,
60%
l'aime
60%
l'Empire.
60%
meilleur
60%
mourir
60%
n'aimez
60%
panache,
60%
sors
60%
sûrement
60%
trouvez
60%
un
60%
veut
60%
vie,
60%
vocation,
60%
vous,
60%
Vous
60%
vous
60%
y
60%
accrocher.
40%
allez,
40%
au-delà
40%
aussi
40%
autre
40%
bagages,
40%
bazars,
40%
bibine,
40%
boire,
40%
boussole,
40%
brillent.
40%
Carré,
40%
cette
40%
champagne
40%
Christophe,
40%
cranté ?
40%
dans
40%
danser
40%
école
40%
elle
40%
externalise-toi.
40%
fais
40%
Fines,
40%
foi
40%
gloire
40%
immense,
40%
jeunes
40%
Loustaunau
40%
nous
40%
nuit
40%
officiers
40%
Paris.
40%
Patrie
40%
pilé
40%
Saint-Cyr
40%
sera
40%
sers-nous
40%
servira,
40%
shakos.
40%
Systus
40%
tant
40%
toute
40%
vivra,
40%
yeux
40%
Acceptez
20%
anciens,
20%
avant
20%
avec
20%
bélière
20%
cathéter.
20%
coeur
20%
débaptisez
20%
dégage.
20%
D'être
20%
dire
20%
faisons
20%
fête.
20%
fleurir
20%
gâtés,
20%
héritage,
20%
j'ai
20%
"jamais",
20%
j'en
20%
juste
20%
laisse
20%
l'école,
20%
l'histoire
20%
L'honneur
20%
mais
20%
nos
20%
parrains,
20%
PDB,
20%
pétille,
20%
petits
20%
prenez
20%
promos,
20%
qui
20%
relève
20%
rengaine,
20%
SCRUIF,
20%
sert
20%
soin
20%
soir,
20%
souvenirs
20%
soyez
20%
Spéciale
20%
sûrs,
20%
temps,
20%
tête,
20%
Tsarine
20%
une
20%
vivement
20%
Voracez-nous
20%

Distribution des résultats

Percentile par nombre de réponses

% des personnes avec chaque résultat

Votre développement - résultats

Vous n’avez pas pris ce quiz